Państwa graniczące z Arabią Saudyjską - Statystyki

Ogólne statystyki
  • Ten quiz został rozwiązany 201 razy
  • Średni wynik to 7 z 8
Statystyki odpowiedzi
Długość (km) Państwo % Poprawnych
60 Katar
96%
676 Oman
95%
457 Zjednoczone Emiraty Arabskie
94%
814 Irak
92%
1,458 Jemen
92%
744 Jordania
83%
222 Kuwejt
83%
(przez most) Bahrajn
77%
Nie znaleziono quizów pasujących do podanych kryteriów
Rozkład punktacji
Procent ludzi z każdym wynikiem
Percentyl według liczby udzielonych odpowiedzi
Twoja historia wyników
Nie rozwiązałeś tego quizu